Beiträge der Europäischen Slavistischen Linguistik (POLYSLAV) Band 1

Bibliographic Details
Other Authors: Giger, Markus, 1968- (Editor), Wiemer, Björn (Editor)
Format: Book
Language:Polish
PhysicalDescription:vii, 212 s. diagramy, grafy, tab. 24 cm
Published: München Otto Sagner 1998
ISBN:3876907055
Series:Die Welt der Slaven
Die Welt der Slaven : Sammelbände
Subjects:

MARC

LEADER 00000nam a2200000 a 4500
001 vtls001383189
003 SK-MaSNL
005 20260302074128.0
008 251113s1998 gw aa r y pol
015 |a SNBZSA2000-00017 
020 |a 3876907055 
035 |a SNK000337262 
035 |a urn:nbn:sk:snk-amkkpe 
035 |a urn:nbn:sk:snk-am003v73 
035 |a 36FE24ED-B786-49D6-B7B1-AC14F1C570E0 
040 |a SNK  |b slo  |c SNK  |e AACR2 
041 0 |a pol 
044 |a DE 
080 |a 808.1(082)=30  |2 1981 
245 0 0 |a Beiträge der Europäischen Slavistischen Linguistik (POLYSLAV)  |n Band 1  |c herausgegeben von Markus Giger und Björn Wiemer 
260 |a München  |b Otto Sagner  |c 1998 
300 |a vii, 212 s.  |b diagramy, grafy, tab.  |c 24 cm 
490 1 |a Die Welt der Slaven : Sammelbände  |v Bd. 2 
500 |a Rozlož. tit. strana 
500 |a Text aj angl., rus., poľ. 
504 |a Bibliogr. odkazy. Res. angl., bulh., čes., franc., nem., poľ., rus. 
650 0 7 |a slavistika  |x zborníky  |2 SNK  |9 290315 
650 0 7 |a slovanské jazyky  |x slovníky  |2 SNK  |9 65318 
655 7 |a zbierky  |2 SNK  |9 70533 
700 1 |a Giger, Markus,  |d 1968-  |4 edt  |9 229766 
700 1 |a Wiemer, Björn  |4 edt  |9 297601 
830 0 |a Die Welt der Slaven  |9 299742 
830 0 |a Die Welt der Slaven : Sammelbände  |9 297603 
919 |a 3-87690-705-5 
958 |a OND 
958 |a ZS 
958 |a TL 
958 |a ZB 
958 |a SS 
958 |a NB 
999 |c 1163801  |d 1165731 
952 |t P60, <03>, [BOOK], {603}  |a SNK  |b SNK  |y PREZ  |7 0  |p 17A0228216  |o snkSC 100970/1  |i snkV 376/2000  |0 0  |1 0  |4 0  |d 2000-03-01  |f 1  |l 0  |r 2025-09-19 00:00:00  |w 2026-02-24 
952 |a SNK  |b SNK  |y VYP  |7 0  |p 17A0681620  |o snkSC 100970/1 D1  |i snk2010/27066  |8 2  |g 46.00  |0 0  |1 0  |4 0  |d 2010-12-02  |l 0  |r 2026-02-24 20:41:15  |w 2026-02-24